| 000 | 00889nam a2200241 a 4500 | ||
|---|---|---|---|
| 005 | 20090912144515.0 | ||
| 008 | 080424s2008 nyua j 000 1 eng | ||
| 010 | _aB-358075 | ||
| 020 |
_a9788189973261 _c50.00 |
||
| 035 | _aB-358075 | ||
| 037 | _bDBAD / PUB | ||
| 040 |
_adpl _bEnglish |
||
| 082 | _aS | ||
| 100 | _aKaveri | ||
| 245 |
_aRobinson Crusoe / _cby Kaveri |
||
| 260 |
_aNew Delhi _bMind Melodies (an imprint of Readworthy Publication) _c2008 |
||
| 270 |
_aA-18, Mohan Garden, Near Nawada Metro Station, _bNew Delhi _e110059 |
||
| 300 |
_a24p.: _bcol. ill. ; _c25cm(pbk) |
||
| 490 | _aIllustrated clasics for children | ||
| 650 | _aChildren's stories, English | ||
| 942 |
_2ddc _cCH _hS _mKAV |
||
| 999 |
_c30341 _d30341 |
||